| 000 | 00818nam a22002657a 4500 | ||
|---|---|---|---|
| 003 | OSt | ||
| 005 | 20210419072522.0 | ||
| 008 | 201120s2019 ||||| |||| 00| 0 eng d | ||
| 020 | _a9781506250267 | ||
| 040 |
_aeng _cDLC |
||
| 041 | _aeng | ||
| 080 |
_a61 _bK-20 |
||
| 100 |
_9179 _aKaplan Publishing |
||
| 245 |
_aUSMLE Step 1: Qbook _b: Our 80 Year's Expertise = Your Competitive Advantage. 850 Exam-Like Practice Questions to Boost Your Score _c/ by: Kaplan Medical |
||
| 250 | _a9th edition | ||
| 260 |
_aNew York _bKaplan Medical _c2019 |
||
| 300 | _a348 p. | ||
| 365 | _b49.99 usd | ||
| 650 | 0 |
_969 _aMedicine |
|
| 650 | 0 |
_988 _aClinical Medicine |
|
| 650 | 0 |
_972 _aUSMLE STEP 1 |
|
| 653 | _aმედიცინა | ||
| 653 | _aკლინიკური მედიცინა | ||
| 942 |
_2udc _cBK _e9 |
||
| 999 |
_c294 _d294 |
||